000 00617nam a22002177a 4500
999 _c16501
_d16501
003 AR-CdUCM
008 190503b ||||| |||| 00| 0 spa d
040 _aMUNICIPALIDAD PROVINCIAL DEL CUSCO
_cBIBLIOTECA MUNICIPAL DEL CUSCO
082 _a891.4 /
_bK59
100 _aKlabund
_935975
245 _aEl sacramento del Amor :
_bNovela /
260 _aSantiago :
_bEditorial Zic-Zac,
_c1933.
300 _a119 paginas ;
_c19 cm.
500 _aNovela
650 _aNovela
_95
650 _aHistoria
_9136
650 _aLiteratura
_9416
650 _aHindu
_935976
942 _2ddc
_cLIBROS
945 _apjha
_d2019-05-03